Library Logo

আধুনিকতা এবং জাতীয়তাবাদ / (Record no. 100198)

000 -LEADER
fixed length control field 00788nam a22001937a 4500
003 - CONTROL NUMBER IDENTIFIER
control field BD-DhUL
005 - DATE AND TIME OF LATEST TRANSACTION
control field 20160822103318.0
008 - FIXED-LENGTH DATA ELEMENTS--GENERAL INFORMATION
fixed length control field 160822s1996 bg ||||| |||| 001 0 ben d
040 ## - CATALOGING SOURCE
Original cataloging agency BD-DhUL
Transcribing agency BD-DhUL
082 ## - DEWEY DECIMAL CLASSIFICATION NUMBER
Classification number 320.513
Item number JAA
100 ## - MAIN ENTRY--PERSONAL NAME
Personal name জাহাঙ্গীর, বোরহানউদ্দিন খান
245 ## - TITLE STATEMENT
Title আধুনিকতা এবং জাতীয়তাবাদ /
Statement of responsibility, etc. বোরহানউদ্দিন খান জাহাঙ্গীর
260 ## - PUBLICATION, DISTRIBUTION, ETC. (IMPRINT)
Place of publication, distribution, etc. ঢাকা :
Name of publisher, distributor, etc. আগামী প্রকাশনী,
Date of publication, distribution, etc. ১৯৯৬
300 ## - PHYSICAL DESCRIPTION
Extent ৬৪ পৃ.:;
Dimensions ২১ সে.মি.
500 ## - GENERAL NOTE
General note র্নিঘণ্ট সংবলিত
650 #0 - SUBJECT ADDED ENTRY--TOPICAL TERM
Topical term or geographic name as entry element জাতীয়তাবাদ
650 #0 - SUBJECT ADDED ENTRY--TOPICAL TERM
Topical term or geographic name as entry element Nationalism
942 ## - ADDED ENTRY ELEMENTS (KOHA)
Source of classification or shelving scheme
Koha item type Books

No items available.

Last Updated on September 15, 2019
© Dhaka University Library. All Rights Reserved|Staff Login